00856nam a22002537a 4500003000400000005001700004008004100021020001500062050002400077082002000101245009300121260004000214300002100254521002100275526001600296541000700312541000600319541000600325562000600331942001700337999001700354952012000371952011100491OSt20140310183120.0130218t xxu||||| |||| 00| 0 eng d a9712335208 aQH307 b.Ag277 2002 aF574 bB61 2002 aBiology the science of life for non-science majorsc Marie Denise Agravante ...[et.al.]. aManila : bRex Book Store, cc2002. a284 p.c22.2 cm. acollege students c1210L-1700L j1  j2 j3 e3 2lcccBKkFIL c18914d18914 00102lcc40aAbAcNULLd2013-05-07eDONATIONl0oQH307 .Ag277 2002pC5945r2018-05-08 00:00:00t2w2013-05-07yBK 00102lcc40aCLbCLcFILd2013-05-07l0oQH307 .Ag277 2002pC5889r2018-05-08 00:00:00t3w2013-05-07yBK